[Event "Liga Madrileña 2010/2011 - D. Honor"]
[Site "Madrid ESP"]
[Date "2011.01.30"]
[Round "8.31"]
[White "Almagro Llamas, Pablo"]
[Black "Adan Bermudez, Sergio"]
[Result "1-0"]
[WhiteElo "2472"]
[BlackElo "2264"]
[PlyCount "57"]
[EventDate "2010.11.21"]
[EventType "team"]
[EventRounds "14"]
[EventCountry "ESP"]
[Source "lmi"]
[SourceDate "2010.11.21"]
[WhiteTeam "Virgen de Atocha"]
[BlackTeam "Pueblo Nuevo"]
[WhiteTeamCountry "ESP"]
[BlackTeamCountry "ESP"]

1. e4 c5 2. Nf3 Nc6 3. Bb5 Nf6 4. Qe2 g6 5. Nc3 Bg7 6. Bxc6 dxc6 7. d3 Nd7 8.
Be3 e5 9. Nd2 Qe7 10. Nc4 b5 11. Na5 Nf8 12. a4 b4 13. Nb1 Ne6 14. Nc4 O-O 15.
Nbd2 f5 16. f3 Nd4 17. Bxd4 cxd4 18. exf5 gxf5 19. O-O-O Ba6 20. b3 Rae8 21.
Rde1 Bh6 22. Kb1 Qc5 23. g4 Bc8 24. gxf5 Bxd2 25. Qxd2 Bxf5 26. Rhg1+ Bg6 27.
h4 e4 28. fxe4 Kh8 29. Rxg6 1-0

[Event "Liga Madrileña 2010/2011 - D. Honor"]
[Site "Madrid ESP"]
[Date "2011.01.30"]
[Round "8.32"]
[White "Barez Menendez, Hector"]
[Black "Anton Guijarro, David"]
[Result "0-1"]
[WhiteElo "2168"]
[BlackElo "2421"]
[PlyCount "98"]
[EventDate "2010.11.21"]
[EventType "team"]
[EventRounds "14"]
[EventCountry "ESP"]
[Source "lmi"]
[SourceDate "2010.11.21"]
[WhiteTeam "Pueblo Nuevo"]
[BlackTeam "Virgen de Atocha"]
[WhiteTeamCountry "ESP"]
[BlackTeamCountry "ESP"]

1. d4 Nf6 2. Nf3 e6 3. e3 b6 4. Bd3 Bb7 5. O-O d5 6. b3 Bd6 7. Bb2 O-O 8. c4 c5
9. Nc3 Nbd7 10. cxd5 exd5 11. Rc1 Rc8 12. Qe2 Qe7 13. Rfd1 Ba8 14. Bf5 Rfd8 15.
Nb5 Bb8 16. Ba3 Ne4 17. Nc3 f6 18. Bh3 Nxc3 19. Rxc3 f5 20. g3 Nf6 21. Rdc1 Bd6
22. R3c2 Ne4 23. Ne1 Bb7 24. dxc5 bxc5 25. Bg2 Rc7 26. Qb5 Rdc8 27. Qa5 Rc6 28.
Bf1 Ng5 29. Qd2 Rb6 30. Bb2 Ne4 31. Qd1 h5 32. Nd3 h4 33. Nf4 hxg3 34. hxg3
Bxf4 35. gxf4 Qh4 36. Qf3 d4 37. Qh3 Qxh3 38. Bxh3 d3 39. Rc4 Nd2 40. Rxc5 Nf3+
41. Kf1 Rxc5 42. Rxc5 Rd6 43. Bc3 d2 44. Bxd2 Nxd2+ 45. Ke1 Nf3+ 46. Kf1 Be4
47. Rc1 Rd2 48. Ra1 Rb2 49. Bg2 Bd3# 0-1

[Event "Liga Madrileña 2010/2011 - D. Honor"]
[Site "Madrid ESP"]
[Date "2011.01.30"]
[Round "8.33"]
[White "Rubio Mejia, Luis"]
[Black "Baigorri Navarro, Francisco Javier"]
[Result "1-0"]
[WhiteElo "2409"]
[BlackElo "2149"]
[PlyCount "101"]
[EventDate "2010.11.21"]
[EventType "team"]
[EventRounds "14"]
[EventCountry "ESP"]
[Source "lmi"]
[SourceDate "2010.11.21"]
[WhiteTeam "Virgen de Atocha"]
[BlackTeam "Pueblo Nuevo"]
[WhiteTeamCountry "ESP"]
[BlackTeamCountry "ESP"]

1. d4 Nf6 2. c4 e6 3. Nf3 d5 4. Nc3 Be7 5. cxd5 exd5 6. Bg5 c6 7. Qc2 g6 8. e3
Bf5 9. Qd2 Nbd7 10. h3 Ne4 11. Bxe7 Qxe7 12. Qd1 Qb4 13. Qb3 Qxb3 14. axb3 Nb6
15. Nd2 Nxd2 16. Kxd2 a6 17. Be2 O-O-O 18. Na4 Nd7 19. g4 Be6 20. b4 f5 21. Nc5
Nxc5 22. bxc5 Rhf8 23. f4 Kc7 24. Rhg1 Rde8 25. Rg3 Re7 26. Rag1 Rfe8 27. gxf5
gxf5 28. Bd3 Rf8 29. Rg5 Rf6 30. Ke2 Rh6 31. R1g3 Rf6 32. Kf2 a5 33. Rg7 Rff7
34. Rg8 Bd7 35. Ra8 Rg7 36. Rxg7 Rxg7 37. Rxa5 Rg6 38. Ra8 Rh6 39. Bf1 Bc8 40.
b4 Rh4 41. Ra1 Rh6 42. Bg2 Bd7 43. Rg1 Be6 44. Bf1 Bd7 45. Rg7 Kd8 46. Bg2 Rh4
47. Rg8+ Kc7 48. Rf8 Rh6 49. Bf1 Bc8 50. Bd3 Rxh3 51. Rxc8+ 1-0

[Event "Liga Madrileña 2010/2011 - D. Honor"]
[Site "Madrid ESP"]
[Date "2011.01.30"]
[Round "8.34"]
[White "Nieto de la Cruz, Julio"]
[Black "Rudolf, Anna"]
[Result "0-1"]
[WhiteElo "2135"]
[BlackElo "2347"]
[PlyCount "68"]
[EventDate "2010.11.21"]
[EventType "team"]
[EventRounds "14"]
[EventCountry "ESP"]
[Source "lmi"]
[SourceDate "2010.11.21"]
[WhiteTeam "Pueblo Nuevo"]
[BlackTeam "Virgen de Atocha"]
[WhiteTeamCountry "ESP"]
[BlackTeamCountry "ESP"]

1. d4 e6 2. c4 Nf6 3. Nc3 Bb4 4. e3 b6 5. Bd3 Bb7 6. Nge2 Bxg2 7. Rg1 Bf3 8.
Rxg7 Nh5 9. Rg1 Qh4 10. Bd2 Bd6 11. Qc2 Bxh2 12. O-O-O Bxg1 13. Rxg1 Nc6 14.
Nb5 Qh2 15. Re1 a6 16. Na3 Rg8 17. Bxh7 Rg2 18. Be4 Bxe4 19. Qxe4 Nf6 20. Qd3
Ng4 21. f3 Nf2 22. Qc2 O-O-O 23. Bc3 Nh3 24. Qd1 Nf2 25. Qc2 Rdg8 26. Nb1 Nh3
27. Qd3 Rf2 28. Nd2 Rgg2 29. Nf1 Rxf1 30. Rxf1 Rxe2 31. d5 Nb8 32. f4 Qg2 33.
Rd1 Qf3 34. Qh7 Nf2 0-1

[Event "Liga Madrileña 2010/2011 - D. Honor"]
[Site "Madrid ESP"]
[Date "2011.01.30"]
[Round "8.35"]
[White "Vazquez Torres, Adrian"]
[Black "Fernandez Lledo, Javier"]
[Result "1/2-1/2"]
[WhiteElo "2166"]
[BlackElo "2138"]
[PlyCount "107"]
[EventDate "2010.11.21"]
[EventType "team"]
[EventRounds "14"]
[EventCountry "ESP"]
[Source "lmi"]
[SourceDate "2010.11.21"]
[WhiteTeam "Virgen de Atocha"]
[BlackTeam "Pueblo Nuevo"]
[WhiteTeamCountry "ESP"]
[BlackTeamCountry "ESP"]

1. e4 c5 2. b3 d6 3. Bb2 e5 4. Nc3 g6 5. Bc4 Bg7 6. Nge2 Ne7 7. O-O O-O 8. Nd5
Nxd5 9. Bxd5 Qe7 10. f4 Be6 11. Bxe6 Qxe6 12. f5 Qe7 13. Nc3 Nd7 14. Nd5 Qd8
15. Qf3 Nf6 16. Ne3 d5 17. exd5 e4 18. Qh3 Nxd5 19. Bxg7 Kxg7 20. Nxd5 Qxd5 21.
f6+ Kh8 22. Qh6 Rg8 23. Rae1 g5 24. Qh5 Rg6 25. Qe2 Re8 26. d3 e3 27. Qf3 Qd4
28. Re2 Re6 29. Qxb7 Rgxf6 30. Rxf6 Rxf6 31. Qb8+ Kg7 32. Qg3 h6 33. Qxe3 Qa1+
34. Re1 Qc3 35. Qe5 Qd4+ 36. Qxd4 cxd4 37. Re2 Rc6 38. Kf1 f5 39. Ke1 Kf6 40.
Kd2 f4 41. Re4 Rd6 42. h3 h5 43. Re8 g4 44. h4 g3 45. Rf8+ Ke5 46. a4 Rg6 47.
a5 Rg4 48. Ke2 Rxh4 49. Rh8 Rh1 50. b4 Rh2 51. Kf3 Rh1 52. Ke2 Rh2 53. Kf3 Rh1
54. Ke2 1/2-1/2

[Event "Liga Madrileña 2010/2011 - D. Honor"]
[Site "Madrid ESP"]
[Date "2011.01.30"]
[Round "8.36"]
[White "Rodrigo Yanguas, Maria"]
[Black "Perez de Aranda Alonso, Leonardo"]
[Result "0-1"]
[WhiteElo "2070"]
[BlackElo "2161"]
[PlyCount "72"]
[EventDate "2010.11.21"]
[EventType "team"]
[EventRounds "14"]
[EventCountry "ESP"]
[Source "lmi"]
[SourceDate "2010.11.21"]
[WhiteTeam "Pueblo Nuevo"]
[BlackTeam "Virgen de Atocha"]
[WhiteTeamCountry "ESP"]
[BlackTeamCountry "ESP"]

1. e4 c5 2. Nf3 d6 3. d4 cxd4 4. Nxd4 Nf6 5. Nc3 a6 6. Be2 e5 7. Nb3 Be7 8. O-O
O-O 9. Be3 Be6 10. Qd2 Nbd7 11. a4 Rc8 12. a5 Qc7 13. Bf3 Rfd8 14. Rfd1 Bf8 15.
Nc1 b5 16. axb6 Nxb6 17. Bxb6 Qxb6 18. Nd3 d5 19. exd5 Bf5 20. Ra4 Rxc3 21.
Qxc3 e4 22. g4 Bd7 23. Rxe4 Nxe4 24. Bxe4 Bxg4 25. Ra1 Qh6 26. Ne5 Bc8 27. Nf3
Bd6 28. Qd3 g5 29. Bxh7+ Qxh7 30. Qxh7+ Kxh7 31. Nxg5+ Kg6 32. Ne4 Be5 33. c4
Bxb2 34. Rb1 Be5 35. Rb6+ Kf5 36. f3 Bd4+ 0-1

[Event "Liga Madrileña 2010/2011 - D. Honor"]
[Site "Madrid ESP"]
[Date "2011.01.30"]
[Round "8.41"]
[White "Candela Perez, Jose"]
[Black "Vazquez Igarza, Renier"]
[Result "1/2-1/2"]
[WhiteElo "2399"]
[BlackElo "2558"]
[PlyCount "122"]
[EventDate "2010.11.21"]
[EventType "team"]
[EventRounds "14"]
[EventCountry "ESP"]
[Source "lmi"]
[SourceDate "2010.11.21"]
[WhiteTeam "Leganes"]
[BlackTeam "Collado Villalba"]
[WhiteTeamCountry "ESP"]
[BlackTeamCountry "ESP"]

1. e4 c5 2. Nf3 e6 3. Qe2 Nc6 4. g3 d6 5. Bg2 g6 6. O-O Bg7 7. c3 e5 8. d3 Nge7
9. a3 O-O 10. b4 h6 11. Bb2 Bg4 12. h3 Be6 13. Nbd2 a6 14. h4 Rc8 15. Rab1 cxb4
16. cxb4 f5 17. Rbc1 f4 18. Nh2 h5 19. Nhf3 Bg4 20. Qd1 Bh6 21. Qb3+ Kh7 22.
Rc2 Qd7 23. d4 exd4 24. Nxd4 Nxd4 25. Bxd4 Nc6 26. Ba1 fxg3 27. fxg3 Rxf1+ 28.
Nxf1 Be6 29. Qb2 Ne5 30. Rxc8 Qxc8 31. Qd4 Qc7 32. Kh1 Bg7 33. Bc3 Nc4 34. Qd3
Nb2 35. Bxb2 Bxb2 36. Ne3 Be5 37. Nd5 Qc1+ 38. Kh2 Qe1 39. Nc7 Bg4 40. Qb3 Qf2
41. Nd5 g5 42. hxg5 Be6 43. Qf3 Qxf3 44. Bxf3 h4 45. Nf4 Bd7 46. Kg2 b5 47. Nd5
h3+ 48. Kh2 Kg6 49. Be2 Kxg5 50. Bf1 Be8 51. Nc7 Bc6 52. Nxa6 Kg4 53. Be2+ Kg5
54. Nc7 Bxe4 55. Nxb5 d5 56. Kxh3 d4 57. Nxd4 Bxd4 58. Bd1 Bb2 59. a4 Bc3 60.
b5 Ba5 61. Kh2 Bb6 1/2-1/2

[Event "Liga Madrileña 2010/2011 - D. Honor"]
[Site "Madrid ESP"]
[Date "2011.01.30"]
[Round "8.42"]
[White "Moreno Ruiz, Javier"]
[Black "Arribas Lopez, Angel"]
[Result "1/2-1/2"]
[WhiteElo "2527"]
[BlackElo "2439"]
[PlyCount "80"]
[EventDate "2010.11.21"]
[EventType "team"]
[EventRounds "14"]
[EventCountry "ESP"]
[Source "lmi"]
[SourceDate "2010.11.21"]
[WhiteTeam "Collado Villalba"]
[BlackTeam "Leganes"]
[WhiteTeamCountry "ESP"]
[BlackTeamCountry "ESP"]

1. d4 Nf6 2. c4 e6 3. Nc3 Bb4 4. e3 O-O 5. Nge2 Re8 6. a3 Bf8 7. d5 d6 8. g3 c6
9. Bg2 exd5 10. cxd5 c5 11. O-O Nbd7 12. h3 h5 13. b4 g6 14. Qb3 Bg7 15. Bb2 a6
16. Rfd1 b5 17. a4 bxa4 18. Rxa4 Rb8 19. Ba1 Qb6 20. Rb1 Ne5 21. Qa3 g5 22. Rb2
Nc4 23. bxc5 Qxb2 24. Bxb2 Nxa3 25. Bxa3 dxc5 26. Bxc5 Bb7 27. Nd4 Rbc8 28. Ra5
Nd7 29. Na4 Be5 30. d6 Bxg2 31. Kxg2 Nxc5 32. Nxc5 Bxd6 33. Nd7 Be7 34. Rxa6
Rc7 35. Nf6+ Bxf6 36. Rxf6 Kg7 37. Ra6 Rc5 38. g4 hxg4 39. hxg4 Ree5 40. Nf5+
Rxf5 1/2-1/2

[Event "Liga Madrileña 2010/2011 - D. Honor"]
[Site "Madrid ESP"]
[Date "2011.01.30"]
[Round "8.43"]
[White "Taboas Rodriguez, Daniel"]
[Black "Ortiz Herranz, Eleazar"]
[Result "1-0"]
[WhiteElo "2366"]
[BlackElo "2243"]
[PlyCount "75"]
[EventDate "2010.11.21"]
[EventType "team"]
[EventRounds "14"]
[EventCountry "ESP"]
[Source "lmi"]
[SourceDate "2010.11.21"]
[WhiteTeam "Leganes"]
[BlackTeam "Collado Villalba"]
[WhiteTeamCountry "ESP"]
[BlackTeamCountry "ESP"]

1. d4 Nf6 2. Nf3 g6 3. c4 Bg7 4. Nc3 O-O 5. e4 d6 6. Be2 e5 7. Be3 Ng4 8. Bg5
f6 9. Bh4 g5 10. Bg3 Nh6 11. dxe5 fxe5 12. c5 Be6 13. h4 Nf7 14. cxd6 cxd6 15.
hxg5 Nc6 16. O-O a6 17. Nd5 Nd4 18. Nxd4 Bxd5 19. exd5 exd4 20. f4 Qa5 21. Bf3
Rae8 22. Re1 Rxe1+ 23. Qxe1 Qb5 24. b3 Re8 25. Qd2 d3 26. Rd1 Bd4+ 27. Kf1 Ba7
28. Bf2 Bxf2 29. Qxf2 Rc8 30. Qd2 Rc2 31. Qxd3 Qc5 32. Qd4 Qxd4 33. Rxd4 Rxa2
34. Rc4 b5 35. Rc8+ Kg7 36. Rc7 Kf8 37. Bh5 Nd8 38. Rd7 1-0

[Event "Liga Madrileña 2010/2011 - D. Honor"]
[Site "Madrid ESP"]
[Date "2011.01.30"]
[Round "8.44"]
[White "Cao Armillas, Jesus"]
[Black "Davicce Cañada, Juan Antonio"]
[Result "0-1"]
[WhiteElo "2189"]
[BlackElo "2097"]
[PlyCount "104"]
[EventDate "2010.11.21"]
[EventType "team"]
[EventRounds "14"]
[EventCountry "ESP"]
[Source "lmi"]
[SourceDate "2010.11.21"]
[WhiteTeam "Collado Villalba"]
[BlackTeam "Leganes"]
[WhiteTeamCountry "ESP"]
[BlackTeamCountry "ESP"]

1. d4 Nf6 2. c4 e6 3. Nc3 Bb4 4. e3 O-O 5. Bd3 d5 6. Nf3 c5 7. O-O dxc4 8. Bxc4
cxd4 9. exd4 b6 10. Bg5 Bb7 11. Qe2 Bxc3 12. bxc3 Nbd7 13. Bd3 Qc7 14. c4 Ng4
15. g3 Qc6 16. d5 exd5 17. Nd4 Qc5 18. Qxg4 Ne5 19. Bxh7+ Kxh7 20. Qh5+ Kg8 21.
Nf5 Rfe8 22. Be3 d4 23. Bxd4 Qc6 24. f3 Nxf3+ 25. Rxf3 Qxf3 26. Qxf3 Bxf3 27.
Rf1 Be2 28. Rf4 f6 29. h4 Rad8 30. Kf2 Rd7 31. Ne3 Bd3 32. h5 Re4 33. Rxe4 Bxe4
34. Bc3 Rd3 35. Be1 Ra3 36. g4 Rxa2+ 37. Kg3 Re2 38. Bf2 Kf7 39. Nd1 Rd2 40.
Ne3 Ke6 41. Bg1 Ke5 42. c5 Rd3 43. cxb6 axb6 44. Kf2 b5 45. Ke2 Ra3 46. Kd2 Kf4
47. Nd1 b4 48. Bc5 Ra2+ 49. Ke1 b3 50. Bd4 Bf3 51. h6 gxh6 52. Bxf6 Bxd1 0-1

[Event "Liga Madrileña 2010/2011 - D. Honor"]
[Site "Madrid ESP"]
[Date "2011.01.30"]
[Round "8.45"]
[White "Pedrajas Estepa, Manuel"]
[Black "Bote Alvarez-Carrasco, Valentin"]
[Result "0-1"]
[WhiteElo "2097"]
[BlackElo "2183"]
[PlyCount "86"]
[EventDate "2010.11.21"]
[EventType "team"]
[EventRounds "14"]
[EventCountry "ESP"]
[Source "lmi"]
[SourceDate "2010.11.21"]
[WhiteTeam "Leganes"]
[BlackTeam "Collado Villalba"]
[WhiteTeamCountry "ESP"]
[BlackTeamCountry "ESP"]

1. e4 e5 2. Nf3 Nc6 3. Bc4 Bc5 4. b4 Bxb4 5. c3 Bd6 6. O-O Nf6 7. d4 h6 8. dxe5
Bxe5 9. Nxe5 Nxe5 10. Bb3 d6 11. f4 Ng6 12. e5 dxe5 13. Qxd8+ Kxd8 14. Bxf7
Nxf4 15. Bxf4 exf4 16. Rxf4 Ke7 17. Bg6 Rd8 18. Na3 Bg4 19. Re1+ Kf8 20. Nb5 c6
21. Nd4 c5 22. Rxg4 Nxg4 23. Ne6+ Kg8 24. Nxd8 Rxd8 25. h3 Nf6 26. a4 b6 27.
Re6 Nd5 28. c4 Nf4 29. Re8+ Rxe8 30. Bxe8 Kf8 31. Bc6 Ke7 32. Kf2 Kd6 33. Be4
Ke5 34. Ke3 Ne6 35. Bd3 Nd4 36. Be4 Nf5+ 37. Kd3 Kf4 38. g4 Nd6 39. Bg2 g5 40.
Bf1 Kf3 41. Be2+ Kf2 42. Kd2 Ne4+ 43. Kd3 Nc3 0-1

[Event "Liga Madrileña 2010/2011 - D. Honor"]
[Site "Madrid ESP"]
[Date "2011.01.30"]
[Round "8.46"]
[White "Lorite Cruz, Francisco"]
[Black "Nuñez Gutierrez, Juan Carlos"]
[Result "1-0"]
[WhiteElo "2095"]
[BlackElo "2093"]
[PlyCount "143"]
[EventDate "2010.11.21"]
[EventType "team"]
[EventRounds "14"]
[EventCountry "ESP"]
[Source "lmi"]
[SourceDate "2010.11.21"]
[WhiteTeam "Collado Villalba"]
[BlackTeam "Leganes"]
[WhiteTeamCountry "ESP"]
[BlackTeamCountry "ESP"]

1. e4 e5 2. Nf3 Nf6 3. Nxe5 d6 4. Nf3 Nxe4 5. Nc3 Nf6 6. d4 d5 7. Bd3 Bg4 8. h3
Bh5 9. g4 Bg6 10. Ne5 Be7 11. Be3 c6 12. f4 Bxd3 13. Qxd3 Nfd7 14. Nf3 Na6 15.
O-O O-O 16. Rae1 Bd6 17. g5 Nb4 18. Qd2 Nb6 19. Qg2 f5 20. a3 Na6 21. Ne5 Bxe5
22. fxe5 Nc7 23. Ne2 g6 24. Nf4 Qd7 25. h4 Ne6 26. b3 a5 27. a4 Ra6 28. Rf3 Na8
29. h5 Nxf4 30. Bxf4 Nc7 31. hxg6 hxg6 32. e6 Nxe6 33. Rxe6 Qxe6 34. Re3 Qd7
35. Qe2 Kf7 36. Qh2 Rg8 37. Be5 Qe7 38. Qf4 Raa8 39. Bf6 Qd7 40. Qh4 Rg7 41.
Bxg7 Kxg7 42. Qh6+ Kg8 43. Qxg6+ Qg7 44. Qe6+ Qf7 45. Qe5 Rf8 46. Rh3 Qg7 47.
Qe6+ Qf7 48. Rh6 Qxe6 49. Rxe6 f4 50. Kf2 Rf5 51. Re5 Rf7 52. Kf3 Kg7 53. Re6
Rf5 54. Re7+ Kg6 55. Rxb7 Kxg5 56. Rg7+ Kf6 57. Rg4 Ke6 58. Rg6+ Kd7 59. Rg7+
Kc8 60. Ra7 Rh5 61. Rxa5 Kb7 62. Rc5 Rh4 63. b4 Rh3+ 64. Kxf4 Ra3 65. a5 Ra4
66. c3 Ra1 67. Ke5 Rh1 68. b5 Rh5+ 69. Kf4 cxb5 70. Rxb5+ Ka6 71. Rc5 Rh3 72.
Ke5 1-0

[Event "Liga Madrileña 2010/2011 - D. Honor"]
[Site "Madrid ESP"]
[Date "2011.02.06"]
[Round "9.11"]
[White "Hernandez Gallardo, Francisco Javier"]
[Black "Adan Bermudez, Sergio"]
[Result "1-0"]
[WhiteElo "2330"]
[BlackElo "2349"]
[PlyCount "75"]
[EventDate "2010.11.21"]
[EventType "team"]
[EventRounds "14"]
[EventCountry "ESP"]
[Source "lmi"]
[SourceDate "2010.11.21"]
[WhiteTeam "Moratalaz"]
[BlackTeam "Pueblo Nuevo"]
[WhiteTeamCountry "ESP"]
[BlackTeamCountry "ESP"]

1. e4 c5 2. Nc3 Nc6 3. f4 g6 4. Nf3 Bg7 5. Bb5 Nd4 6. O-O a6 7. Bd3 d6 8. Nxd4
cxd4 9. Ne2 Nf6 10. Kh1 Nd7 11. Bc4 e6 12. a3 d5 13. exd5 Nb6 14. d3 Nxd5 15.
Ng3 O-O 16. Qe2 b5 17. Bb3 Bb7 18. Bd2 a5 19. a4 bxa4 20. Bxa4 Nb6 21. Bb3 a4
22. Ba2 Qd7 23. Ne4 Rfc8 24. Bb4 Qb5 25. Ba3 Bxe4 26. Qxe4 Rxc2 27. Rfc1 Rac8
28. Rxc2 Rxc2 29. Qb7 Qc6 30. Qb8+ Nc8 31. Rg1 Qb6 32. Qa8 Qa7 33. Qe4 h5 34.
h3 Nb6 35. Bxe6 fxe6 36. Qxe6+ Kh7 37. f5 Qf7 38. Qxf7 1-0

[Event "Liga Madrileña 2010/2011 - D. Honor"]
[Site "Madrid ESP"]
[Date "2011.02.06"]
[Round "9.12"]
[White "Barez Menendez, Hector"]
[Black "Ramirez Garcia, Jorge Alberto"]
[Result "0-1"]
[WhiteElo "2168"]
[BlackElo "2255"]
[PlyCount "102"]
[EventDate "2010.11.21"]
[EventType "team"]
[EventRounds "14"]
[EventCountry "ESP"]
[Source "lmi"]
[SourceDate "2010.11.21"]
[WhiteTeam "Pueblo Nuevo"]
[BlackTeam "Moratalaz"]
[WhiteTeamCountry "ESP"]
[BlackTeamCountry "ESP"]

1. d4 Nf6 2. Nf3 g6 3. g3 Bg7 4. c4 O-O 5. Bg2 d6 6. O-O c6 7. Nc3 a6 8. e4 b5
9. Qe2 bxc4 10. Qxc4 Nfd7 11. Rd1 h6 12. Be3 a5 13. Qe2 Kh7 14. b3 Na6 15. Rac1
Nb6 16. Ne1 Bb7 17. f4 Nc7 18. Nf3 Qd7 19. h4 a4 20. Kh2 axb3 21. Bh3 Ba6 22.
Qf2 e6 23. axb3 Nc8 24. g4 f6 25. Na4 Rb8 26. Qc2 Ne7 27. Bf2 Kh8 28. Bg3 Qe8
29. f5 Rd8 30. Re1 Qf7 31. fxg6 Qxg6 32. Rg1 e5 33. h5 Qh7 34. d5 c5 35. Nh4
Rb8 36. Be1 Rfd8 37. Ba5 Rdc8 38. Bf1 Bxf1 39. Rcxf1 Ncxd5 40. Rg3 Nf4 41. Nb6
Rc6 42. Na4 d5 43. Nxc5 dxe4 44. b4 Ned5 45. Qa4 Rcc8 46. Nf5 Bf8 47. Nd7 Ra8
48. Nxf8 Rxf8 49. Qc2 Nd3 50. Qd2 N5f4 51. Re3 Rac8 0-1

[Event "Liga Madrileña 2010/2011 - D. Honor"]
[Site "Madrid ESP"]
[Date "2011.02.06"]
[Round "9.13"]
[White "Solaesa Navalpotro, Luis Julio"]
[Black "Baigorri Navarro, Francisco Javier"]
[Result "1/2-1/2"]
[WhiteElo "2251"]
[BlackElo "2149"]
[PlyCount "69"]
[EventDate "2010.11.21"]
[EventType "team"]
[EventRounds "14"]
[EventCountry "ESP"]
[Source "lmi"]
[SourceDate "2010.11.21"]
[WhiteTeam "Moratalaz"]
[BlackTeam "Pueblo Nuevo"]
[WhiteTeamCountry "ESP"]
[BlackTeamCountry "ESP"]

1. d4 Nf6 2. Nf3 e6 3. g3 d5 4. Bg2 c6 5. O-O Nbd7 6. Nbd2 Be7 7. c4 O-O 8. Qc2
b6 9. e4 Bb7 10. b3 Rc8 11. Bb2 c5 12. exd5 exd5 13. Qf5 dxc4 14. Nxc4 g6 15.
Qh3 cxd4 16. Bxd4 b5 17. Ne3 Bc5 18. Rfd1 Qb6 19. Qh4 Rfe8 20. b4 Bxd4 21. Rxd4
Re4 22. Rxe4 Bxe4 23. Rd1 Qc6 24. Nd4 Qb7 25. Bxe4 Nxe4 26. Nxb5 Nxf2 27. Kxf2
Qxb5 28. Qd4 Ne5 29. Qd5 Qxd5 30. Rxd5 f6 31. Rd6 Kf7 32. Ra6 Rc7 33. Ke2 Rd7
34. a3 h5 35. h3 1/2-1/2

[Event "Liga Madrileña 2010/2011 - D. Honor"]
[Site "Madrid ESP"]
[Date "2011.02.06"]
[Round "9.14"]
[White "Nieto de la Cruz, Julio"]
[Black "Fraga Castro, Jose Carlos"]
[Result "1-0"]
[WhiteElo "2135"]
[BlackElo "2212"]
[PlyCount "47"]
[EventDate "2010.11.21"]
[EventType "team"]
[EventRounds "14"]
[EventCountry "ESP"]
[Source "lmi"]
[SourceDate "2010.11.21"]
[WhiteTeam "Pueblo Nuevo"]
[BlackTeam "Moratalaz"]
[WhiteTeamCountry "ESP"]
[BlackTeamCountry "ESP"]

1. d4 b6 2. c4 Bb7 3. Nc3 e6 4. e4 d6 5. Bd3 g6 6. Nge2 Bg7 7. Be3 Ne7 8. Qd2
h6 9. f4 f5 10. d5 exd5 11. exd5 Na6 12. O-O-O Nc5 13. Bc2 a5 14. Rhg1 h5 15.
h3 Bc8 16. Nd4 Kf7 17. g4 hxg4 18. hxg4 fxg4 19. f5 Nxf5 20. Rdf1 Rh5 21. Rxg4
Bf6 22. Rgf4 Bg5 23. Nxf5 Bxf4 24. Ng3 1-0

[Event "Liga Madrileña 2010/2011 - D. Honor"]
[Site "Madrid ESP"]
[Date "2011.02.06"]
[Round "9.15"]
[White "Alonso Nieto, Santiago"]
[Black "Fernandez Lledo, Javier"]
[Result "0-1"]
[WhiteElo "2114"]
[BlackElo "2138"]
[PlyCount "78"]
[EventDate "2010.11.21"]
[EventType "team"]
[EventRounds "14"]
[EventCountry "ESP"]
[Source "lmi"]
[SourceDate "2010.11.21"]
[WhiteTeam "Moratalaz"]
[BlackTeam "Pueblo Nuevo"]
[WhiteTeamCountry "ESP"]
[BlackTeamCountry "ESP"]

1. d4 Nf6 2. c4 g6 3. Nc3 Bg7 4. e4 d6 5. f3 O-O 6. Be3 Nc6 7. Nge2 a6 8. Qd2
Rb8 9. Nc1 e5 10. Nb3 exd4 11. Nxd4 Bd7 12. Be2 b5 13. cxb5 Nxd4 14. Bxd4 axb5
15. O-O c5 16. Be3 b4 17. Nd1 Qe7 18. Bf4 Ne8 19. Re1 Be6 20. Kh1 Rb6 21. Bg5
Qc7 22. Bh6 Bxh6 23. Qxh6 Ng7 24. Ne3 c4 25. f4 f5 26. Rac1 fxe4 27. Bxc4 Qf7
28. Rf1 d5 29. Bb3 Rb5 30. Qg5 Qd7 31. Ba4 Qa7 32. Bxb5 Qxe3 33. Rc7 Qb6 34.
Qe7 Bf7 35. Rb7 Qd4 36. b3 Nf5 37. Qe5 Qd2 38. Rc7 Ne3 39. Rg1 Ng4 0-1

[Event "Liga Madrileña 2010/2011 - D. Honor"]
[Site "Madrid ESP"]
[Date "2011.02.06"]
[Round "9.16"]
[White "Sotnikov, Taras"]
[Black "Arauz Alonso, Fernando"]
[Result "0-1"]
[WhiteElo "2059"]
[BlackElo "2090"]
[PlyCount "110"]
[EventDate "2010.11.21"]
[EventType "team"]
[EventRounds "14"]
[EventCountry "ESP"]
[Source "lmi"]
[SourceDate "2010.11.21"]
[WhiteTeam "Pueblo Nuevo"]
[BlackTeam "Moratalaz"]
[WhiteTeamCountry "ESP"]
[BlackTeamCountry "ESP"]

1. e4 c6 2. d4 d5 3. e5 Bf5 4. Nf3 e6 5. Be2 Nd7 6. O-O Ne7 7. Nbd2 c5 8. c3
Nc6 9. a3 Be7 10. b4 b6 11. Nb3 Rc8 12. Be3 cxb4 13. cxb4 Nxb4 14. axb4 Bc2 15.
Qd2 Bxb3 16. Rfb1 Bc4 17. Rxa7 b5 18. Bd1 Ra8 19. Raa1 Nb6 20. Bg5 h6 21. Bxe7
Kxe7 22. Ne1 Qd7 23. Qb2 Rxa1 24. Rxa1 Ra8 25. Rxa8 Nxa8 26. Nc2 Qa7 27. Na3
Nc7 28. f4 Na6 29. Kf2 Nb8 30. Be2 Qb6 31. Ke3 Nc6 32. Bd3 f6 33. Bxc4 dxc4 34.
exf6+ gxf6 35. Nc2 e5 36. fxe5 fxe5 37. Ke4 Nxd4 38. Ne3 Qc6+ 39. Kxe5 Qf6+ 40.
Ke4 Qg6+ 41. Kf4 Qg5+ 42. Ke4 Qg6+ 43. Kf4 Qd6+ 44. Ke4 Qe6+ 45. Kf4 c3 46. Qa3
Qxe3+ 47. Kxe3 Nc2+ 48. Kd3 Nxa3 49. Kxc3 Ke6 50. Kd4 Kd6 51. g4 Nc2+ 52. Kc3
Ne3 53. h3 Kd5 54. Kd3 Ng2 55. Kc3 Ke4 0-1

[Event "Liga Madrileña 2010/2011 - D. Honor"]
[Site "Madrid ESP"]
[Date "2011.02.06"]
[Round "9.21"]
[White "Valles Moreno, Ivan"]
[Black "Almagro Llamas, Pablo"]
[Result "0-1"]
[WhiteElo "2366"]
[BlackElo "2472"]
[PlyCount "64"]
[EventDate "2010.11.21"]
[EventType "team"]
[EventRounds "14"]
[EventCountry "ESP"]
[Source "lmi"]
[SourceDate "2010.11.21"]
[WhiteTeam "Amigos del Retiro"]
[BlackTeam "Virgen de Atocha"]
[WhiteTeamCountry "ESP"]
[BlackTeamCountry "ESP"]

1. d4 Nf6 2. Bg5 d5 3. Bxf6 exf6 4. e3 Bd6 5. c4 dxc4 6. Bxc4 O-O 7. Nc3 f5 8.
Nf3 Nd7 9. Qc2 Nf6 10. O-O-O Qe7 11. h3 a6 12. g4 b5 13. Nd5 Qd8 14. Nxf6+ Qxf6
15. Bd5 Rb8 16. Rdg1 Be6 17. Bc6 a5 18. g5 Qe7 19. h4 Bxa2 20. g6 Rb6 21. gxh7+
Kh8 22. d5 a4 23. Nd4 Be5 24. Nxf5 Qb4 25. f3 a3 26. bxa3 Qxa3+ 27. Kd2 Bb3 28.
Qc1 Qa2+ 29. Ke1 Bc4 30. Qd2 Bc3 31. Rh2 Bxd2+ 32. Rxd2 Qb1+ 0-1